Des célébrités portant les initiales Z - Statistiques

Statistiques générales
  • Ce quiz a été pris 70 fois
  • Le résultat moyen est 6 sur 19
Statistiques - réponses
Code Indice Célébrité % Correct
ZZ Ancien footballeur et entraîneur français, triple vainqueur de la Ligue des champions comme coach du Real Madrid Zinedine Zidane
83%
ZE Acteur américain, star de High School Musical Zac Efron
80%
ZI Footballeur suédois, légende de l’AC Milan et du PSG Zlatan Ibrahimović
75%
ZC Actrice et chanteuse américaine, star de Euphoria et Dune Zendaya Coleman
70%
ZS Chanteuse et musicienne française, révélation de la scène pop Zaho de Sagazan
39%
ZL Chanteuse pop suédoise, connue pour Lush Life Zara Larsson
39%
ZB Actrice et réalisatrice française (Narco, Promotion Canapé) Zabou Breitman
36%
ZK Actrice américaine, vue dans The Batman et Big Little Lies Zoë Kravitz
36%
ZG Acteur et humoriste américain, connu pour Very Bad Trip Zach Galifianakis
22%
ZR Jeune basketteur français prometteur évoluant en NBA Zaccharie Risacher
20%
ZD Mannequin et personnalité médiatique franco-algérienne Zahia Dehar
16%
ZQ Acteur américain, connu pour incarner Spock dans Star Trek Zachary Quinto
13%
ZT 12ᵉ président des États-Unis Zachary Taylor
9%
ZF Écrivaine américaine, icône des années 1920 Zelda Fitzgerald
8%
ZP Fille de la princesse Anne, cavalière olympique britannique Zara Phillips
6%
ZH Architecte irako-britannique, première femme à recevoir le prix Pritzker Zaha Hadid
5%
ZW Guitariste américain, connu pour son travail avec Ozzy Osbourne Zakk Wylde
2%
ZY Entrepreneur chinois, fondateur de ByteDance (TikTok) Zhang Yiming
2%
ZA Actrice britannique, connue pour ses rôles au théâtre et à la télévision (The Marvels) Zawe Ashton
0%
Aucun quiz correspondant
Distribution des résultats
% des personnes avec chaque résultat
Percentile par nombre de réponses
Votre historique - résultats
Vous n’avez pas pris ce quiz